[Event "Stockholm Scandic Hotels IT"]
[Site "Stockholm"]
[Date "2000.08.02"]
[Round "5"]
[White "Ivanov, Sergey"]
[Black "Akesson, Ralf"]
[Result "0-1"]
[WhiteElo "2574"]
[BlackElo "2486"]
[PlyCount "48"]
[EventDate "2000.07.29"]
[EventType "tourn"]
[EventRounds "9"]
[EventCountry "SWE"]
[EventCategory "10"]
[Source "Fruth,M"]
[SourceDate "2003.05.15"]

1. d4 d5 2. c4 e6 3. Nc3 Be7 4. Nf3 Nf6 5. Bg5 O-O 6. e3 h6 7. Bh4 b6 8. Bd3
Bb7 9. O-O Nbd7 10. Bg3 c5 11. cxd5 exd5 12. Qe2 Ne4 13. Rfd1 Qc8 14. Rac1 Ndf6
15. Ne5 Qe6 16. Bf4 Rac8 17. Nxe4 dxe4 18. Bc4 Bd5 19. dxc5 Rxc5 20. Bxd5 Nxd5
21. Rxc5 Bxc5 22. Bg3 Bd6 23. Qg4 f5 24. Qg6 Rf6 0-1

[Event "BCF-ch"]
[Site "Millfield"]
[Date "2000.08.02"]
[Round "3.2"]
[White "Summerscale, Aaron"]
[Black "Chandler, Murray G"]
[Result "1-0"]
[WhiteElo "2459"]
[BlackElo "2526"]
[PlyCount "127"]
[EventDate "2000.07.31"]
[EventType "swiss"]
[EventRounds "11"]
[EventCountry "ENG"]
[Source "Fruth,M"]
[SourceDate "2003.05.15"]

1. d4 Nf6 2. Nf3 d5 3. c4 e6 4. Nc3 Be7 5. Bg5 h6 6. Bh4 O-O 7. e3 b6 8. Bd3
Nbd7 9. O-O Bb7 10. Bg3 c5 11. Qe2 a6 12. cxd5 exd5 13. Rad1 c4 14. Bb1 b5 15.
a3 Ne4 16. Nxe4 dxe4 17. Nd2 Nf6 18. Bh4 Re8 19. f3 exf3 20. Nxf3 Ne4 21. Bxe7
Qxe7 22. Ne5 f6 23. Nf3 Qf7 24. Nh4 g6 25. Qg4 Kh7 26. d5 h5 27. Qf3 Bxd5 28.
Nxg6 Bc6 29. Nh4 Re5 30. Nf5 Kh8 31. Nd6 Qe6 32. Nxe4 Bxe4 33. Bxe4 Rxe4 34.
Qxh5+ Kg7 35. Qc5 Rc8 36. Qa7+ Kg6 37. Rf3 Rg4 38. Rd7 Rg8 39. Qc7 Qe4 40. Qb7
Qxb7 41. Rxb7 Rd8 42. Rb6 Rd1+ 43. Rf1 Rxf1+ 44. Kxf1 c3 45. bxc3 Ra4 46. Kf2
Rxa3 47. Kf3 Kf5 48. h4 Rxc3 49. Rxa6 Rc4 50. g3 Kg6 51. Rb6 Rb4 52. g4 Kg7 53.
e4 Rb1 54. e5 fxe5 55. Ke4 Rb4+ 56. Kf5 Rf4+ 57. Kg5 b4 58. h5 Rc4 59. Rb7+ Kg8
60. h6 e4 61. Kh5 e3 62. g5 e2 63. h7+ Kh8 64. Kh6 1-0

[Event "EU-ch U20"]
[Site "Aviles"]
[Date "2000.08.27"]
[Round "11"]
[White "Halkias, Stelios"]
[Black "Mateuta, Gabriel"]
[Result "1-0"]
[WhiteElo "2502"]
[BlackElo "2409"]
[PlyCount "67"]
[EventDate "2000.08.18"]
[EventType "swiss"]
[EventRounds "11"]
[EventCountry "ESP"]
[Source "Fruth,M"]
[SourceDate "2003.05.15"]

1. d4 e6 2. c4 Nf6 3. Nf3 d5 4. Nc3 Be7 5. Bg5 h6 6. Bh4 O-O 7. e3 b6 8. Qc2
Bb7 9. Bxf6 Bxf6 10. cxd5 exd5 11. h4 Bc8 12. O-O-O Bg4 13. Be2 Qd7 14. Ng5 Bf5
15. Bd3 Bxd3 16. Qxd3 g6 17. Nh3 Nc6 18. g4 Nb4 19. Qd2 c5 20. g5 hxg5 21. hxg5
Bg7 22. dxc5 Rfc8 23. a3 bxc5 24. Nf4 d4 25. Ne4 Qf5 26. f3 dxe3 27. Qh2 Na2+
28. Kb1 Rab8 29. Ka1 e2 30. Rd2 Qe5 31. Rxe2 Kf8 32. Nf6 Bxf6 33. Rxe5 Bxe5 34.
Nxg6+ 1-0

[Event "RUS Cup fin 4 IT"]
[Site "Elista"]
[Date "2000.08.21"]
[Round "3"]
[White "Lastin, Alexander"]
[Black "Kruppa, Yuri"]
[Result "1/2-1/2"]
[WhiteElo "2580"]
[BlackElo "2582"]
[PlyCount "149"]
[EventDate "2000.08.19"]
[EventType "tourn"]
[EventRounds "11"]
[EventCountry "RUS"]
[EventCategory "12"]
[Source "Fruth,M"]
[SourceDate "2003.05.15"]

1. d4 e6 2. Nf3 Nf6 3. c4 d5 4. Nc3 Be7 5. Bg5 h6 6. Bh4 O-O 7. e3 b6 8. Bd3
Bb7 9. O-O Nbd7 10. Bg3 c5 11. Qe2 Ne4 12. cxd5 exd5 13. Rad1 Nxg3 14. hxg3 Qc7
15. Bc2 Rad8 16. dxc5 Nxc5 17. Nd4 g6 18. Qg4 h5 19. Qf3 Qe5 20. Nce2 Rc8 21.
Nf4 Ne4 22. Bb1 Rfd8 23. a3 Kg7 24. Qe2 Bf6 25. Rc1 Qe8 26. Ba2 Nd6 27. Rxc8
Rxc8 28. Rd1 Bxd4 29. Rxd4 Nf5 30. Rd2 d4 31. exd4 Rc1+ 32. Kh2 Qxe2 33. Nxe2
Rf1 34. d5 Nd6 35. f3 Bc8 36. Nd4 Kf6 37. Nb5 Nxb5 38. Bc4 Rc1 39. Bxb5 Rc5 40.
a4 Bb7 41. d6 Rd5 42. Rc2 a6 43. Bc6 Bxc6 44. Rxc6 b5 45. a5 Rd2 46. Rxa6 Rxb2
47. Ra8 Rd2 48. Rb8 Rxd6 49. Rb6 Ke6 50. Rxb5 Rd1 51. g4 hxg4 52. fxg4 Ra1 53.
Kg3 f6 54. g5 Ra3+ 55. Kf4 Ra4+ 56. Ke3 Ra3+ 57. Kd4 fxg5 58. Rxg5 Kf6 59. Rb5
Ra2 60. g3 Ra3 61. g4 Ra4+ 62. Kc5 Kg5 63. Kb6+ Kxg4 64. a6 Rxa6+ 65. Kxa6 g5
66. Kb6 Kf4 67. Rb4+ Kf3 68. Kc5 g4 69. Kd4 g3 70. Rb3+ Kf2 71. Rb2+ Kf3 72.
Rb3+ Kf2 73. Ke4 g2 74. Rb2+ Kg3 75. Rxg2+ 1/2-1/2

[Event "Villarrobledo op 18"]
[Site "Villarrobledo"]
[Date "2000.08.20"]
[Round "9"]
[White "Ljubojevic, Ljubomir"]
[Black "Kurajica, Bojan"]
[Result "1/2-1/2"]
[WhiteElo "2559"]
[BlackElo "2534"]
[PlyCount "35"]
[EventDate "2000.08.19"]
[EventType "swiss (rapid)"]
[EventRounds "9"]
[EventCountry "ESP"]
[Source "Fruth,M"]
[SourceDate "2003.05.15"]

1. d4 d5 2. Nf3 Nf6 3. c4 e6 4. Nc3 Be7 5. Bg5 O-O 6. e3 h6 7. Bh4 b6 8. cxd5
Nxd5 9. Bxe7 Qxe7 10. Rc1 Bb7 11. Be2 Rc8 12. O-O c5 13. dxc5 Rxc5 14. Qd2 Nxc3
15. Rxc3 Nd7 16. Rd1 Rxc3 17. Qxc3 Rc8 18. Qc4 1/2-1/2

[Event "UKR-ch TT"]
[Site "Alushta"]
[Date "2000.??.??"]
[Round "?"]
[White "Savon, Vladimir A"]
[Black "Shneider, Aleksandr"]
[Result "1/2-1/2"]
[WhiteElo "2420"]
[BlackElo "2550"]
[PlyCount "79"]
[EventDate "2000.08.20"]
[EventType "team"]
[EventRounds "9"]
[EventCountry "UKR"]
[Source "Fruth,M"]
[SourceDate "2003.05.15"]

1. d4 Nf6 2. c4 e6 3. Nc3 d5 4. Nf3 Be7 5. Bg5 O-O 6. e3 h6 7. Bh4 b6 8. Bd3
Bb7 9. O-O Nbd7 10. Bg3 a6 11. cxd5 exd5 12. Rc1 c5 13. dxc5 bxc5 14. Bf5 Re8
15. Bxd7 Qxd7 16. Na4 Qb5 17. b4 d4 18. bxc5 dxe3 19. fxe3 Bc6 20. Nb6 Bxc5 21.
Nxa8 Bxe3+ 22. Bf2 Bxf2+ 23. Rxf2 Bxa8 24. Qd4 Qa5 25. Qc5 Qa4 26. Re1 Rxe1+
27. Nxe1 Be4 28. Nf3 Bxf3 29. gxf3 Qd1+ 30. Rf1 Qd3 31. Qe5 Qg6+ 32. Kh1 Qd3
33. Rf2 Qb1+ 34. Kg2 Qg6+ 35. Qg3 Qd3 36. Qb8+ Kh7 37. Qb3 Qg6+ 38. Kf1 Qf5 39.
Kg2 Kg8 40. Re2 1/2-1/2

[Event "YUG-ch TT"]
[Site "Novi Sad"]
[Date "2000.08.25"]
[Round "1"]
[White "Beliavsky, Alexander G"]
[Black "Georgiev, Krum"]
[Result "1/2-1/2"]
[WhiteElo "2654"]
[BlackElo "2532"]
[PlyCount "48"]
[EventDate "2000.08.24"]
[EventType "team"]
[EventRounds "11"]
[EventCountry "YUG"]
[Source "Fruth,M"]
[SourceDate "2003.05.15"]

1. d4 Nf6 2. c4 e6 3. Nf3 d5 4. Nc3 Be7 5. Bg5 h6 6. Bh4 O-O 7. e3 b6 8. Bd3
Bb7 9. O-O Nbd7 10. Qe2 c5 11. Bg3 dxc4 12. Bxc4 a6 13. a4 cxd4 14. exd4 Bb4
15. Rac1 Bxc3 16. bxc3 Ne4 17. Bd3 Nxg3 18. hxg3 Qc7 19. Rfe1 Rfd8 20. Bb1 Qc6
21. Qb2 b5 22. Be4 Qc7 23. Bxb7 Qxb7 24. axb5 axb5 1/2-1/2

[Event "Abudhabi op"]
[Site "Abudhabi"]
[Date "2000.09.02"]
[Round "7"]
[White "Mirzoev, Azer"]
[Black "Barsov, Alexei"]
[Result "1/2-1/2"]
[WhiteElo "2414"]
[BlackElo "2534"]
[PlyCount "24"]
[EventDate "2000.08.26"]
[EventType "swiss"]
[EventRounds "9"]
[EventCountry "UAE"]
[Source "Fruth,M"]
[SourceDate "2003.05.15"]

1. d4 Nf6 2. Nf3 d5 3. c4 e6 4. Nc3 Be7 5. Bg5 h6 6. Bh4 O-O 7. e3 b6 8. cxd5
Nxd5 9. Bxe7 Qxe7 10. Nxd5 exd5 11. Be2 Be6 12. O-O c5 1/2-1/2

[Event "Herzliya IT"]
[Site "Herzliya"]
[Date "2000.09.12"]
[Round "7"]
[White "Botvinnik, Ilia"]
[Black "Boim, Inon"]
[Result "1/2-1/2"]
[WhiteElo "2425"]
[BlackElo "2422"]
[PlyCount "22"]
[EventDate "2000.09.06"]
[EventType "tourn"]
[EventRounds "9"]
[EventCountry "ISR"]
[EventCategory "9"]
[Source "Fruth,M"]
[SourceDate "2003.05.15"]

1. Nf3 Nf6 2. c4 e6 3. Nc3 d5 4. d4 Be7 5. Bg5 h6 6. Bh4 O-O 7. e3 b6 8. Bd3
Nbd7 9. O-O Bb7 10. Qe2 Ne4 11. Bg3 Nxg3 1/2-1/2

[Event "Alushta Autumn-2 IT"]
[Site "Alushta"]
[Date "2000.??.??"]
[Round "?"]
[White "Gaprindashvili, Valerian"]
[Black "Kalugin, Sergei"]
[Result "1/2-1/2"]
[WhiteElo "2460"]
[BlackElo "2455"]
[PlyCount "69"]
[EventDate "2000.09.20"]
[EventType "tourn"]
[EventRounds "15"]
[EventCountry "UKR"]
[Source "Fruth,M"]
[SourceDate "2003.05.15"]

1. d4 Nf6 2. c4 e6 3. Nc3 d5 4. Bg5 Be7 5. e3 O-O 6. Nf3 h6 7. Bh4 b6 8. Rc1
Bb7 9. cxd5 exd5 10. Bd3 c5 11. O-O Nbd7 12. Bf5 Re8 13. dxc5 bxc5 14. Na4 g6
15. Bxd7 Nxd7 16. Bxe7 Qxe7 17. Qb3 Bc6 18. Qa3 Bxa4 19. Qxa4 Nb6 20. Qb5 Rac8
21. Rfd1 Red8 22. b3 c4 23. Nd4 Qa3 24. Nc6 Re8 25. Rc2 Kg7 26. h3 Re6 27. Qb4
Qxb4 28. Nxb4 Re5 29. Rc3 a5 30. Nc2 Re7 31. Rb1 Rec7 32. Nd4 Nd7 33. Ne2 Rc5
34. Rd1 R8c7 35. Nf4 1/2-1/2

[Event "SLO-ch TT"]
[Site "Bled"]
[Date "2000.10.20"]
[Round "7"]
[White "Tukmakov, Vladimir B"]
[Black "Beliavsky, Alexander G"]
[Result "1/2-1/2"]
[WhiteElo "2582"]
[BlackElo "2654"]
[PlyCount "23"]
[EventDate "2000.10.14"]
[EventType "team"]
[EventRounds "7"]
[EventCountry "SLO"]
[Source "Fruth,M"]
[SourceDate "2003.05.15"]

1. d4 Nf6 2. c4 e6 3. Nf3 d5 4. Nc3 Be7 5. Bg5 h6 6. Bh4 O-O 7. e3 b6 8. Be2
Bb7 9. Bxf6 Bxf6 10. cxd5 exd5 11. b4 c6 12. O-O 1/2-1/2

[Event "Padova Magistrale op"]
[Site "Padova"]
[Date "2000.12.10"]
[Round "9.1"]
[White "Chatalbashev, Boris"]
[Black "Dervishi, Erald"]
[Result "1/2-1/2"]
[WhiteElo "2494"]
[BlackElo "2478"]
[PlyCount "218"]
[EventDate "2000.12.02"]
[EventType "swiss"]
[EventRounds "7"]
[EventCountry "ITA"]
[Source "Fruth,M"]
[SourceDate "2003.05.15"]

1. d4 d5 2. c4 e6 3. Nc3 Be7 4. Nf3 Nf6 5. Bg5 O-O 6. e3 h6 7. Bh4 b6 8. Be2
Bb7 9. Bxf6 Bxf6 10. cxd5 exd5 11. b4 c6 12. Qb3 Re8 13. O-O Qd6 14. Rfd1 Nd7
15. a4 a5 16. bxa5 bxa5 17. Rab1 Rab8 18. Qc2 Ba8 19. e4 Qe6 20. exd5 cxd5 21.
Bb5 Rec8 22. Re1 Qd6 23. Qd3 Bc6 24. h3 Bxb5 25. Nxb5 Qa6 26. Ne5 Nb6 27. Nxf7
Nxa4 28. Nfd6 Rf8 29. Qg3 Qc6 30. Rbc1 Qb6 31. Rc7 Bxd4 32. Ree7 Qxc7 33. Nxc7
Bxf2+ 34. Qxf2 Rb1+ 35. Qe1 Rxe1+ 36. Rxe1 Nc3 37. Ndb5 Nxb5 38. Nxb5 Rb8 39.
Nd4 a4 40. Kf2 Rb2+ 41. Kf3 a3 42. Re8+ Kf7 43. Ra8 a2 44. Ra7+ Kf6 45. Ra6+
Kf7 46. g3 g5 47. Ra7+ Kf6 48. Ra6+ Kf7 49. Nc6 h5 50. Ne5+ Kg7 51. Nd3 Rd2 52.
Nb4 Rd4 53. Nxa2 Rd3+ 54. Kf2 Rd2+ 55. Kf3 Rd3+ 56. Kf2 Rd2+ 57. Ke3 Rh2 58.
Kf3 Rxh3 59. Kg2 g4 60. Ra4 Kf7 61. Ra7+ Kg6 62. Nc3 h4 63. Ne2 Kf6 64. gxh4
Rxh4 65. Nf4 Rh8 66. Kg3 Kf5 67. Rf7+ Ke4 68. Re7+ Kf5 69. Rd7 Ra8 70. Rxd5+
Ke4 71. Rd7 Ra1 72. Re7+ Kf5 73. Rf7+ Ke4 74. Ng2 Rg1 75. Rf4+ Ke5 76. Rxg4 Rf1
77. Ra4 Rf8 78. Nf4 Rb8 79. Kg4 Rb3 80. Ra1 Rb4 81. Re1+ Re4 82. Rf1 Ra4 83.
Kg5 Ra8 84. Re1+ Kd4 85. Ne6+ Kc4 86. Kf5 Ra2 87. Rd1 Kc3 88. Nf4 Rd2 89. Rh1
Kd4 90. Rh8 Kc5 91. Ke5 Rd1 92. Rc8+ Kb5 93. Ke4 Rh1 94. Rc2 Rh8 95. Ne6 Rh4+
96. Ke5 Rh5+ 97. Kd6 Kb4 98. Nf4 Rh8 99. Ke5 Rh1 100. Nd3+ Kb5 101. Kd5 Rh5+
102. Ne5 Kb4 103. Rc4+ Kb3 104. Rc8 Kb4 105. Kd4 Rh4+ 106. Kd3 Rh3+ 107. Ke4
Rh4+ 108. Kd5 Rh5 109. Rc4+ Kb3 1/2-1/2

[Event "YUG-ch TT Women"]
[Site "Kragujevac"]
[Date "2000.12.22"]
[Round "11"]
[White "Prudnikova, Svetlana"]
[Black "Skripchenko Lautier, Almira"]
[Result "1/2-1/2"]
[WhiteElo "2425"]
[BlackElo "2451"]
[PlyCount "112"]
[EventDate "2000.12.11"]
[EventType "team"]
[EventRounds "11"]
[EventCountry "YUG"]
[Source "Fruth,M"]
[SourceDate "2003.05.15"]

1. c4 e6 2. Nc3 d5 3. d4 Be7 4. Nf3 Nf6 5. Bg5 h6 6. Bh4 O-O 7. e3 b6 8. Be2
Bb7 9. Bxf6 Bxf6 10. cxd5 exd5 11. Qb3 Re8 12. O-O c6 13. Rfd1 Na6 14. Rac1 Nc7
15. Qa4 Qe7 16. b4 g6 17. Qb3 Rac8 18. Re1 Red8 19. Rcd1 Bg7 20. Bf1 Ne6 21.
Na4 Qd6 22. Rb1 Rc7 23. Red1 Qe7 24. Nc3 Rcd7 25. Qa4 Ba8 26. Ne2 Rc7 27. Nc1
Nf8 28. Nd3 Rdc8 29. Qb3 Ne6 30. Rbc1 Bb7 31. a4 g5 32. g3 Rd8 33. h3 h5 34.
Bg2 g4 35. hxg4 hxg4 36. Nh2 Qg5 37. Nf4 Re7 38. b5 cxb5 39. axb5 Nxf4 40. exf4
Qh5 41. Re1 Rxe1+ 42. Rxe1 Bc8 43. Qb4 Bf5 44. Qe7 Rd7 45. Qe8+ Kh7 46. Rd1 Rd6
47. Nf1 Re6 48. Qa8 Be4 49. Bxe4+ Rxe4 50. Ne3 Bxd4 51. Qxd5 Qxd5 52. Nxd5 Kg7
53. Rd2 Bc5 54. Kf1 Kg6 55. Ra2 Rd4 56. Ne3 f5 1/2-1/2

[Event "Keres mem op"]
[Site "Tallinn"]
[Date "2001.07.30"]
[Round "8"]
[White "Gavrikov, Viktor"]
[Black "Kulaots, Kaido"]
[Result "1-0"]
[WhiteElo "2567"]
[BlackElo "2529"]
[PlyCount "169"]
[EventDate "2001.07.25"]
[EventType "swiss"]
[EventRounds "9"]
[EventCountry "EST"]
[Source "Fruth,M"]
[SourceDate "2003.05.15"]

1. c4 e6 2. Nc3 Nf6 3. d4 d5 4. Bg5 Be7 5. e3 O-O 6. Nf3 h6 7. Bh4 b6 8. Rc1
Bb7 9. Be2 Nbd7 10. cxd5 exd5 11. Qb3 c6 12. O-O Ne4 13. Bxe7 Qxe7 14. a3 Rfe8
15. Qc2 Rac8 16. b4 c5 17. bxc5 bxc5 18. Qa4 Bc6 19. Qxa7 Ra8 20. Qc7 Rec8 21.
Qf4 Rxa3 22. Nxe4 dxe4 23. Ne5 Nxe5 24. dxe5 Re8 25. Bc4 Ra7 26. Ra1 Rb7 27.
Ra6 Bb5 28. Bxb5 Rxb5 29. e6 Rb4 30. Rc6 fxe6 31. Qe5 Rc4 32. h3 Qg5 33. Qxg5
hxg5 34. Rd1 Kf7 35. Kh2 Rc2 36. Kg3 Re7 37. Rd8 Rb7 38. Rdc8 Rbb2 39. R6c7+
Kg6 40. Rf8 c4 41. Rc6 c3 42. Rxe6+ Kh7 43. Rc6 Rc1 44. Rc5 c2 45. Rfc8 Kg6 46.
Kg4 Rf1 47. Rxg5+ Kh7 48. Rh5+ Kg6 49. Rc6+ Kf7 50. Rc7+ Kf6 51. Rhc5 Rxf2 52.
g3 Kg6 53. R7c6+ Kh7 54. Rh5+ Kg8 55. Rc8+ Kf7 56. Rf5+ Ke6 57. Rf4 Re2 58.
Rxe4+ Kd5 59. Rd4+ Ke5 60. Rc5+ Ke6 61. Kf3 Re1 62. Rdc4 Rf1+ 63. Ke4 Rg1 64.
Rc7 Rb6 65. g4 Rg3 66. Kf4 Rxh3 67. Rxc2 Kf6 68. R2c6+ Rxc6 69. Rxc6+ Kf7 70.
e4 Rh1 71. Kg5 Re1 72. Rc7+ Kf8 73. Kg6 Rxe4 74. Rc8+ Ke7 75. g5 Rg4 76. Rg8
Rg1 77. Rxg7+ Kf8 78. Rf7+ Kg8 79. Rb7 Kf8 80. Rb8+ Ke7 81. Rg8 Rg2 82. Kh7 Kf7
83. g6+ Kf6 84. Rf8+ Ke7 85. g7 1-0

[Event "Moscow-ch"]
[Site "Moscow"]
[Date "2001.??.??"]
[Round "5"]
[White "Ulko, Jaroslav"]
[Black "Sretenskij, Nikolai V"]
[Result "1/2-1/2"]
[WhiteElo "2473"]
[BlackElo "2423"]
[PlyCount "39"]
[EventDate "2001.??.??"]
[EventType "swiss"]
[EventRounds "9"]
[EventCountry "RUS"]
[Source "Fruth,M"]
[SourceDate "2003.05.15"]

1. d4 d5 2. c4 e6 3. Nf3 Nf6 4. Nc3 Be7 5. Bg5 O-O 6. e3 h6 7. Bh4 b6 8. Be2
Bb7 9. Bxf6 Bxf6 10. cxd5 exd5 11. Qb3 c6 12. O-O Nd7 13. Rfd1 Re8 14. Rac1 Nf8
15. Ne1 Ne6 16. Bg4 g6 17. Nd3 h5 18. Bxe6 Rxe6 19. Ne2 Rd6 20. Nef4 1/2-1/2

[Event "RUS-Cup"]
[Site "Tula"]
[Date "2001.??.??"]
[Round "4"]
[White "Lastin, Alexander"]
[Black "Kalygin, Sergey V"]
[Result "1-0"]
[WhiteElo "2631"]
[BlackElo "2414"]
[PlyCount "144"]
[EventDate "2001.??.??"]
[EventType "swiss"]
[EventRounds "9"]
[EventCountry "RUS"]
[Source "Fruth,M"]
[SourceDate "2003.05.15"]

1. Nf3 Nf6 2. c4 e6 3. Nc3 d5 4. d4 Be7 5. Bg5 O-O 6. e3 h6 7. Bh4 b6 8. Bd3
Bb7 9. O-O c5 10. dxc5 bxc5 11. cxd5 exd5 12. Rc1 Nbd7 13. Bf5 g6 14. Bxd7 Qxd7
15. Bxf6 Bxf6 16. Ne4 Bxb2 17. Nxc5 Qe7 18. Rc2 Bf6 19. Nxb7 Qxb7 20. Rd2 Rfd8
21. h3 Rac8 22. Rd3 Qb2 23. Qa4 Qc2 24. Rb3 Rc3 25. Rb4 Rc7 26. Qa6 Bg7 27. Nd4
Qd2 28. Ra4 Rdc8 29. Nb3 Qc2 30. Ra5 Qf5 31. Rd1 Rd8 32. Qd3 Qxd3 33. Rxd3 Rcd7
34. g4 Bf6 35. Kg2 Kg7 36. Ra6 Rc7 37. Nd4 Rb8 38. Nb3 Rd8 39. Rd2 Bc3 40. Rd3
Bf6 41. Rd2 Bc3 42. Rd1 Bf6 43. Ra5 Rcd7 44. Nd4 Rb8 45. Rd2 Bd8 46. Ra3 Bf6
47. Rad3 Rb4 48. Nb3 a5 49. Nxa5 Ra4 50. Nb3 Rda7 51. Rxd5 Rxa2 52. Rxa2 Rxa2
53. Kg3 Bc3 54. Nc1 Ra7 55. Ne2 Ba1 56. f4 Bf6 57. Nc1 Bc3 58. Nd3 Re7 59. Kf3
Ra7 60. e4 Re7 61. Rc5 Bd4 62. Rd5 Bc3 63. Rd6 Ba1 64. h4 Bf6 65. h5 gxh5 66.
e5 Bh4 67. gxh5 Ra7 68. Kg4 Be7 69. Rc6 Rd7 70. Ne1 Bd8 71. Nf3 Ra7 72. Nd4 f6
1-0

[Event "RUS-ch 54"]
[Site "Elista"]
[Date "2001.??.??"]
[Round "?"]
[White "Lastin, Alexander"]
[Black "Lugovoi, Aleksei"]
[Result "1-0"]
[WhiteElo "2625"]
[BlackElo "2510"]
[PlyCount "121"]
[EventDate "2001.??.??"]
[EventType "swiss"]
[EventRounds "9"]
[EventCountry "RUS"]
[Source "Fruth,M"]
[SourceDate "2003.05.15"]

1. d4 Nf6 2. Nf3 e6 3. c4 d5 4. Nc3 Be7 5. Bg5 h6 6. Bh4 O-O 7. e3 b6 8. Bd3
Bb7 9. O-O Nbd7 10. Bg3 dxc4 11. Bxc4 c5 12. Qe2 a6 13. a4 Qc8 14. Rfd1 Ne4 15.
Rac1 Nxc3 16. bxc3 Bc6 17. Bb3 Qb7 18. c4 Nf6 19. Ne5 Bxg2 20. f3 Bh3 21. d5
Nh5 22. f4 Nxg3 23. hxg3 exd5 24. cxd5 Bd6 25. Kh2 Bxe5 26. Kxh3 Bd6 27. e4 f6
28. Re1 Rfe8 29. Bc2 g5 30. Qg4 Qc8 31. Rb1 Bc7 32. Qxc8 Raxc8 33. Kg4 Rcd8 34.
Kf5 Kg7 35. Bd3 h5 36. Bxa6 h4 37. Bb5 Re7 38. gxh4 Bxf4 39. hxg5 Bxg5 40. Bd3
Re5+ 41. Kg4 Bd2 42. Rg1 Be3 43. Rg3 Rg5+ 44. Kf3 Rxg3+ 45. Kxg3 Rd6 46. Kg4
Kf7 47. Kf5 Ke7 48. Rh1 Bd4 49. Rh7+ Kd8 50. Bb5 Kc8 51. Re7 Kd8 52. Rf7 Kc8
53. Kf4 Be5+ 54. Ke3 Kb8 55. Kd3 Rd8 56. Kc4 Rh8 57. Ba6 Rh4 58. Kb5 Rxe4 59.
Kxb6 Rb4+ 60. Bb5 Ka8 61. Rf8+ 1-0

[Event "Nord West Cup"]
[Site "Oldenburg"]
[Date "2001.??.??"]
[Round "4"]
[White "Jobava, Baadur"]
[Black "Lingnau, Carsten"]
[Result "0-1"]
[WhiteElo "2518"]
[BlackElo "2419"]
[PlyCount "108"]
[EventDate "2001.01.??"]
[EventType "swiss"]
[EventRounds "7"]
[EventCountry "GER"]
[Source "Fruth,M"]
[SourceDate "2003.05.15"]

1. d4 Nf6 2. c4 e6 3. Nf3 d5 4. Nc3 Be7 5. Bg5 h6 6. Bh4 O-O 7. e3 b6 8. Bd3
Bb7 9. O-O Nbd7 10. Qe2 c5 11. Rfd1 Ne4 12. Bg3 Nxg3 13. hxg3 cxd4 14. exd4
dxc4 15. Bxc4 Nf6 16. Ne5 Bb4 17. Rac1 Bxc3 18. bxc3 Re8 19. Bb3 Re7 20. c4 Rc8
21. f4 Rec7 22. Rc2 Qe7 23. Qe3 Nd7 24. Nf3 Nf6 25. Rdc1 Be4 26. Re2 Bd5 27.
Nd2 Qa3 28. Rd1 Bb7 29. Nf3 Ng4 30. Qd3 a5 31. f5 a4 32. Bc2 Qxd3 33. Bxd3 Ba6
34. fxe6 fxe6 35. Rxe6 Bxc4 36. Bf5 Bxe6 37. Bxe6+ Kf8 38. Bxg4 Rc1 39. Bxc8
Rxd1+ 40. Kf2 Ke7 41. Ba6 Rb1 42. Ke3 Rb2 43. Bc4 b5 44. Bg8 Rxg2 45. Ne5 b4
46. Nc4 Rxa2 47. d5 Ra1 48. Kd4 a3 49. d6+ Kd8 50. Ne5 a2 51. Nd3 Kd7 52. Kc5
Rc1+ 53. Nxc1 a1=Q 54. Nd3 Qa5+ 0-1

[Event "Sevilla op 26"]
[Site "Sevilla"]
[Date "2001.??.??"]
[Round "4"]
[White "Lalic, Bogdan"]
[Black "Vega Holm, Fernando"]
[Result "1-0"]
[WhiteElo "2530"]
[BlackElo "2405"]
[PlyCount "107"]
[EventDate "2001.01.??"]
[EventType "swiss"]
[EventRounds "9"]
[EventCountry "ESP"]
[Source "Fruth,M"]
[SourceDate "2003.05.15"]

1. d4 Nf6 2. c4 e6 3. Nf3 d5 4. Bg5 Be7 5. Nc3 O-O 6. e3 h6 7. Bh4 b6 8. Bd3
Bb7 9. O-O dxc4 10. Bxc4 Ne4 11. Bg3 Nd7 12. Nxe4 Bxe4 13. Qe2 Bd6 14. Rfd1
Bxg3 15. hxg3 Qe7 16. Rac1 c5 17. dxc5 Bxf3 18. gxf3 Nxc5 19. b4 Nd7 20. Ba6
Nf6 21. Rd4 e5 22. Rdc4 Rad8 23. a3 Rd7 24. Bb5 Rd5 25. Rc7 Qd6 26. R1c6 Qd8
27. Rc2 e4 28. a4 Qd6 29. R7c4 Rd8 30. fxe4 Rd1+ 31. Kg2 Qe5 32. Rc8 Kh7 33.
Rxd8 Rxd8 34. Qf3 g6 35. Qf4 Qxf4 36. exf4 Nxe4 37. Rc7 Nd6 38. Ba6 Kg7 39.
Rxa7 Ne4 40. Bc4 Nd6 41. Bd5 g5 42. fxg5 hxg5 43. Rc7 Kf6 44. a5 Nb5 45. Rxf7+
Kg6 46. Rb7 Rxd5 47. Rxb6+ Kf5 48. a6 Na7 49. Rb7 Nc8 50. a7 Nxa7 51. Rxa7 Rd3
52. b5 Rb3 53. Rb7 g4 54. Kf1 1-0

[Event "Bunratty masters op"]
[Site "Bunratty"]
[Date "2001.??.??"]
[Round "6"]
[White "Hebden, Mark"]
[Black "Lalic, Bogdan"]
[Result "1/2-1/2"]
[WhiteElo "2520"]
[BlackElo "2530"]
[PlyCount "47"]
[EventDate "2001.02.16"]
[EventType "swiss"]
[EventRounds "6"]
[EventCountry "IRL"]
[Source "Fruth,M"]
[SourceDate "2003.05.15"]

1. d4 d5 2. Nf3 Nf6 3. c4 e6 4. Bg5 Be7 5. Nc3 h6 6. Bh4 O-O 7. e3 b6 8. Bd3
dxc4 9. Bxc4 Bb7 10. O-O Ne4 11. Bxe7 Qxe7 12. Nxe4 Bxe4 13. Rc1 Rd8 14. Bd3
Bxd3 15. Qxd3 c5 16. Rfd1 Qb7 17. Qa3 Nd7 18. b4 cxb4 19. Qxb4 Nf6 20. Ne5 Rac8
21. h3 Nd5 22. Qa3 Ne7 23. Qa4 Nd5 24. Qa3 1/2-1/2

[Event "BLR-ch"]
[Site "Minsk"]
[Date "2001.??.??"]
[Round "3"]
[White "Veremeichik, Vladimir"]
[Black "Smetankin, Stanislav"]
[Result "1/2-1/2"]
[WhiteElo "2401"]
[BlackElo "2409"]
[PlyCount "31"]
[EventDate "2001.03.??"]
[EventType "tourn"]
[EventRounds "11"]
[EventCountry "BLR"]
[EventCategory "7"]
[Source "Fruth,M"]
[SourceDate "2003.05.15"]

1. d4 d5 2. c4 e6 3. Nc3 Be7 4. Nf3 Nf6 5. Bg5 O-O 6. e3 h6 7. Bh4 b6 8. Be2
Bb7 9. Bxf6 Bxf6 10. cxd5 exd5 11. O-O Qe7 12. Qb3 Rd8 13. Rad1 c5 14. dxc5
Bxc3 15. Qxc3 bxc5 16. Rd2 1/2-1/2

[Event "BLR-ch"]
[Site "Minsk"]
[Date "2001.??.??"]
[Round "10"]
[White "Dydyshko, Viacheslav"]
[Black "Azarov, Sergei"]
[Result "1/2-1/2"]
[WhiteElo "2518"]
[BlackElo "2417"]
[PlyCount "80"]
[EventDate "2001.03.??"]
[EventType "tourn"]
[EventRounds "11"]
[EventCountry "BLR"]
[EventCategory "7"]
[Source "Fruth,M"]
[SourceDate "2003.05.15"]

1. d4 d5 2. c4 e6 3. Nc3 Be7 4. Nf3 Nf6 5. Bg5 O-O 6. e3 h6 7. Bh4 b6 8. Rc1
Bb7 9. Bxf6 Bxf6 10. cxd5 exd5 11. Bd3 c6 12. O-O Nd7 13. b4 a5 14. b5 c5 15.
Bf5 Rb8 16. Qb3 c4 17. Qc2 g6 18. Bh3 Re8 19. Rfe1 Qe7 20. g3 Rbd8 21. Bg2 Nf8
22. Rcd1 Qc7 23. Re2 Re7 24. Red2 Red7 25. Kh1 Ne6 26. Ng1 h5 27. f4 Ng7 28.
Nf3 Re7 29. Ne5 Ree8 30. Re2 Be7 31. e4 dxe4 32. Bxe4 Bb4 33. Bxb7 Qxb7+ 34.
Nc6 Bxc3 35. Rxe8+ Rxe8 36. Qxc3 Qd7 37. Qxc4 Qg4 38. Rf1 Nf5 39. Ne5 Rxe5 40.
dxe5 Nxg3+ 1/2-1/2

[Event "Badalona Magistral IT"]
[Site "Badalona"]
[Date "2001.??.??"]
[Round "9"]
[White "Moskalenko, Viktor"]
[Black "Kolev, Atanas"]
[Result "1/2-1/2"]
[WhiteElo "2511"]
[BlackElo "2582"]
[PlyCount "24"]
[EventDate "2001.03.??"]
[EventType "tourn"]
[EventRounds "9"]
[EventCountry "ESP"]
[EventCategory "9"]
[Source "Fruth,M"]
[SourceDate "2003.05.15"]

1. d4 Nf6 2. Nf3 d5 3. Bg5 e6 4. e3 Be7 5. c4 O-O 6. Nc3 h6 7. Bh4 b6 8. Rc1
Bb7 9. cxd5 Nxd5 10. Nxd5 exd5 11. Bxe7 Qxe7 12. Bd3 Rc8 1/2-1/2